00190nam a2200073 a 450000500170000000800410001705000230005824500350008120140414131940.0110126s19uu xx 00 eng d aTR 398.8bC63 2008 aCounting 123 :bNursery rhyme.